Časová analýza materiálového toku v systéme robotizovaných pracovísk

Na minha lista:
Detalhes bibliográficos
Autor principal: Toporcer, Matúš (Author)
Outros Autores: Važan, Pavel (Thesis advisor)
Formato: Manuscrito Livro
Idioma:eslovaco
Publicado em: 2016
Assuntos:
Acesso em linha:http://is.stuba.sk/zp/portal_zp.pl?podrobnosti=119362
Tags: Adicionar Tag
Sem tags, seja o primeiro a adicionar uma tag!

MARC

LEADER 00000ntm a22000003a 4500
001 stuzp55229
003 SK-STU
005 20160719154720.4
007 ta
008 150427s2015----xo-----f-mn---000-0-slo-d
040 |a STU  |b slo 
041 0 |a slo 
100 1 |a Toporcer, Matúš  |u 066000  |k Z4  |4 aut  |U MTF Materiálovotechnologická fakulta  |T MTF Ústav aplikovanej informatiky, automatizácie a mechatroniky  |X 46020  |U M6000  |Y 86  |7 A000046020 
242 0 1 |a Timing Analysis material flow in system of robotized workplaces  |y eng 
245 1 0 |a Časová analýza materiálového toku v systéme robotizovaných pracovísk 
260 |c 2016 
650 4 |a WITNESS  |2 slo 
650 4 |a Simulácia  |2 slo 
650 4 |a Model  |2 slo 
650 4 |a Robot  |2 slo 
650 4 |a Robotizácia  |2 slo 
650 4 |a Experiment  |2 slo 
650 4 |a Model  |2 eng 
650 4 |a Simulation  |2 eng 
650 4 |a WITNESS  |2 eng 
650 4 |a Robot  |2 eng 
650 4 |a Robotized workplace  |2 eng 
650 4 |a Experiment  |2 eng 
700 1 |a Važan, Pavel  |u 066000  |k Z1  |4 ths  |U MTF Materiálovotechnologická fakulta  |T MTF Ústav aplikovanej informatiky, automatizácie a mechatroniky  |X 323  |U M6000  |Y 86  |7 A000000323 
856 4 |u http://is.stuba.sk/zp/portal_zp.pl?podrobnosti=119362 
996 |c M* DP-12996  |l MMSKP  |s P  |a 0  |w stuzp55229_0001 
SQL |a stuzp55229  |b DDP  |c SLO  |d Časová analýza materiálového toku v systéme robotizovaných pracovísk  |e 46020  |f Toporcer, Matúš  |g 066000  |h 323  |i Važan, Pavel  |j 20160602  |k 965  |l 06  |m http://is.stuba.sk/zp/portal_zp.pl?podrobnosti=119362  |n I-AIPP  |o 5.2.14. automatizácia